Религии мира (Запись № 1523360)

Подробности
000 -МАРКЕР
контрольное поле 01914nam0a2200361 4500
001 - ИДЕНТИФИКАТОР ЗАПИСИ
контрольное поле RU\NLR\bibl\869615
005 - ИДЕНТИФИКАТОР ВЕРСИИ
контрольное поле 20260408070315.0
010 ## - МЕЖДУНАРОДНЫЙ СТАНДАРТНЫЙ НОМЕР КНИГИ (ISBN)
Номер (ISBN) 5-288-03746-9
021 ## - НОМЕР ГОСУДАРСТВЕННОЙ РЕГИСТРАЦИИ
Код страны Российская Федерация
Номер 2005-62651
Номер Листа государственной регистраци 3076
035 ## - ДРУГИЕ СИСТЕМНЫЕ НОМЕРА
Идентификатор записи (NLR Aleph) 000858243
100 ## - ДАННЫЕ ОБЩЕЙ ОБРАБОТКИ
Данные общей обработки 20051110d2005 |||y0rusy50 ca
101 0# - ЯЗЫК РЕСУРСА
Язык текста, звукозаписи и т.д. русский
102 ## - СТРАНА ПУБЛИКАЦИИ ИЛИ ПРОИЗВОДСТВА
Страна публикации Российская Федерация
105 ## - ПОЛЕ КОДИРОВАННЫХ ДАННЫХ: ТЕКСТОВЫЕ МАТЕРИАЛЫ, МОНОГРАФИЧЕСКИЕ
Кодированные данные о монографическом текстовом документе y |||||||||
200 1# - ЗАГЛАВИЕ И СВЕДЕНИЯ ОБ ОТВЕТСТВЕННОСТИ
Основное заглавие Религии мира
Сведения, относящиеся к заглавию учебное пособие по дисциплине "История религии" для студентов высших учебных заведений по специальности (направлению) "Религиоведение"
Первые сведения об ответственности [М.М. Шахнович, Р.В. Светлов, Е.А. Торчинов и др.]
Последующие сведения об ответственности под ред. М.М. Шахнович
-- С.-Петерб. гос. ун-т
205 ## - СВЕДЕНИЯ ОБ ИЗДАНИИ
Сведения об издании Изд. 2-е, доп.
210 ## - ПУБЛИКАЦИЯ, РАСПРОСТРАНЕНИЕ И ДР.
Место издания, распространения и т.д. Санкт-Петербург
Имя издателя, распространителя и т. д. Изд-во Санкт-Петербургского университета
Дата издания, распространения и т.д. 2005
215 ## - ФИЗИЧЕСКАЯ ХАРАКТЕРИСТИКА
Специфическое обозначение материала и объем 286,[2] с.
Размеры 22
225 1# - СЕРИЯ
Основное заглавие серии Студентам, учителям, школьникам
320 ## - ПРИМЕЧАНИЯ О НАЛИЧИИ В ДОКУМЕНТЕ БИБЛИОГРАФИИ / УКАЗАТЕЛЯ
Текст примечания Библиогр.: с. 281-287
606 1# - НАИМЕНОВАНИЕ ТЕМЫ КАК ПРЕДМЕТ
Наименование темы Религия
Формальный подзаголовок Учебные издания для высших учебных заведений
Тематический подзаголовок История
Системный номер авторитетной/нормативной записи 1190702
Идентификатор авторитетной/нормативной записи RU\NLR\auth\66162574
686 ## - ИНДЕКСЫ ДРУГИХ КЛАССИФИКАЦИЙ
Индекс Э23я73
701 #1 - ИМЯ ЛИЦА - АЛЬТЕРНАТИВНАЯ ОТВЕТСТВЕННОСТЬ
Начальный элемент ввода Шахнович
Часть имени, кроме начального элемента ввода М. М.
Расширение инициалов личного имени Марианна Михайловна
Код отношения Автор
701 #1 - ИМЯ ЛИЦА - АЛЬТЕРНАТИВНАЯ ОТВЕТСТВЕННОСТЬ
Начальный элемент ввода Светлов
Часть имени, кроме начального элемента ввода Р. В.
Код отношения Автор
701 #1 - ИМЯ ЛИЦА - АЛЬТЕРНАТИВНАЯ ОТВЕТСТВЕННОСТЬ
Код отношения Автор
Материалы, к которым относится поле rus
Графика поля Кириллица
Начальный элемент ввода Торчинов
Часть имени, кроме начального элемента ввода Е. А.
Даты 1956-2003
Расширение инициалов личного имени Евгений Алексеевич
Идентификатор авторитетной/нормативной записи RU\NLR\auth\7749195
Системный номер авторитетной/нормативной записи 32130
712 02 - НАИМЕНОВАНИЕ ОРГАНИЗАЦИИ - ВТОРИЧНАЯ ОТВЕТСТВЕННОСТЬ
Код отношения Прочие
Начальный элемент ввода Санкт-Петербургский государственный университет
Идентификатор авторитетной/нормативной записи RU\NLR\AUTH\8810043151
Системный номер авторитетной/нормативной записи 585805
801 #0 - ИСТОЧНИК ЗАПИСИ
Страна Российская Федерация
Организация NLR
Дата составления 20051110
Правила каталогизации rcr
801 #1 - ИСТОЧНИК ЗАПИСИ
Страна Российская Федерация
Организация NLR
Дата составления 20051110
830 ## - ОБЩЕЕ ПРИМЕЧАНИЕ, СОСТАВЛЕННОЕ КАТАЛОГИЗАТОРОМ
Текст примечания авт. по ЭК
942 ## - ДОПОЛНИТЕЛЬНЫЕ ЭЛЕМЕНТЫ ЗАПИСИ (АБИС)
Тип экземпляра АБИС Книга
980 ## - КОЛЛЕКЦИЯ
Название коллекции Национальная библиография
Экземпляры
Тип экземпляра Дата поступления Источник поступления Библиотека постоянного хранения Библиотека текущего хранения Место хранения Шифр хранения Штрих-код Статус экземпляра Стоимость
Книга 10.11.2005 Обязательный экземпляр РНБ (Московский) РНБ (Московский) Русский книжный фонд: издания с 1957 года 2005-5/8281 1-908312    
Книга 10.11.2005 Обязательный экземпляр РНБ (Московский) РНБ (Московский) Русский книжный фонд: издания с 1957 года 2005-5/8281 1-1774238    
Книга 11.12.2005 Контрольный экземпляр из типографии РНБ (Московский) РНБ (Московский) Фонд общего зала социально-экономической литературы С1 Э2/Р-368 2075390   0.00
Книга 12.02.2020 Дар РНБ (Садовая) РНБ (Садовая) Фонд международного книгообмена   1-2907966 Доставлен в Фoнд 300.00